Blogy už aj na Slovensku !

Čo sú blogy, ako vznikli, čo znamená ich príchod pre médiá a internet, aké zmeny so sebou prinesú - Rozhovor o týchto a iných otázkach ich spustenia na serveri www.sme.sk.

Gespeichert in:
Bibliographische Detailangaben
1. Verfasser: Doktor, Vladislav
Format: Buchkapitel
Sprache:Slowakisch
Schlagworte:
Tags: Tag hinzufügen
Keine Tags, Fügen Sie das erste Tag hinzu!

MARC

LEADER 00000naa$a2200000$$$4500
001 0024215
005 20231004064945.0
041 0 |a slo 
044 |a SK 
245 1 0 |a Blogy už aj na Slovensku !  |c Vladislav Doktor 
520 |a Čo sú blogy, ako vznikli, čo znamená ich príchod pre médiá a internet, aké zmeny so sebou prinesú - Rozhovor o týchto a iných otázkach ich spustenia na serveri www.sme.sk. 
610 2 0 |a noviny 
610 2 0 |a systém on-line 
610 2 0 |a internet 
610 2 0 |a médiá 
100 1 |a Doktor, Vladislav